Pokemon starting with the letter M - Statistics

General Stats
  • This quiz has been taken 29 times
  • The average score is 60 of 79
Answer Stats
Gen Answer % Correct
1 Machamp
100%
1 Machoke
100%
1 Machop
92%
2 Magby
92%
1 Magmar
92%
4 Magmortar
92%
1 Magnemite
92%
1 Magneton
92%
4 Magnezone
92%
2 Mantine
92%
4 Mantyke
92%
2 Mareep
92%
3 Metang
92%
5 Mienfoo
92%
5 Mienshao
92%
4 Monferno
92%
2 Magcargo
83%
1 Magikarp
83%
6 Malamar
83%
4 Mamoswine
83%
3 Manectric
83%
1 Mankey
83%
1 Marowak
83%
3 Masquerain
83%
5 Meloetta
83%
1 Meowth
83%
3 Metagross
83%
1 Mew
83%
1 Mewtwo
83%
4 Mime Jr.
83%
5 Minccino
83%
1 Mr. Mime
83%
8 Mr. Rime
83%
3 Mudkip
83%
5 Munna
83%
5 Musharna
83%
5 Mandibuzz
75%
7 Mareanie
75%
3 Marshtomp
75%
9 Maschiff
75%
3 Medicham
75%
3 Meditite
75%
6 Meowstic
75%
4 Mesprit
75%
3 Milotic
75%
2 Miltank
75%
3 Minun
75%
2 Misdreavus
75%
4 Mismagius
75%
8 Morpeko
75%
7 Mudbray
75%
7 Mudsdale
75%
9 Mabosstiff
67%
7 Magearna
67%
3 Makuhita
67%
4 Manaphy
67%
2 Marill
67%
3 Mawile
67%
2 Meganium
67%
5 Melmetal
67%
7 Meltan
67%
1 Metapod
67%
7 Mimikyu
67%
7 Minior
67%
1 Moltres
67%
8 Morgrem
67%
1 Muk
67%
4 Munchlax
67%
2 Murkrow
67%
5 Maractus
58%
7 Marshadow
58%
9 Maushold
58%
9 Miraidon
58%
7 Morelull
58%
4 Mothim
58%
9 Munkidori
58%
9 Meowscarada
50%
3 Mightyena
50%
8 Milcery
50%
No matching quizzes found
Score Distribution
Percent of People with Each Score
Percentile by Number Answered
Your Score History
You have not taken this quiz